000 00662nam a2200229Ia 4500
003 OSt
005 20220918204409.0
006 a|||||r|||| 00| 0
007 ta
008 220917b |||||||| |||| 00| 0 eng d
024 _a112,513
037 _cTextual
040 _aARTS
_cARTS
_beng
041 _2eng
_aeng
082 _aV53:21wL69, J31
100 _aDe Lange P F
_9111916
245 0 _aNapolean at st Helena
_b Memoirs of General Bertrand Grand Marshall of the Palace January to May 1821 tr by Frances Hume
260 _c1953
650 _aHISTORY
942 _hV53:21wL69, J31
_cTEXL
_2CC
999 _c235862
_d235862